| 000 | 00807nam a2200217Ii 4500 | ||
|---|---|---|---|
| 003 | JO-AjNU | ||
| 008 | 230605s9999||||xx |||||||||||||| ||und|| | ||
| 017 | _a2012/7/2813 | ||
| 020 | _a978-9957-414-00-9 | ||
| 040 |
_aJO-AjNU _bara _erda _cJO-AjNU |
||
| 041 | _aara | ||
| 050 | 1 | 4 | _aPJ7601 2013 |
| 100 | 3 |
_aأبو إصبع،صالح خليل, _eauthor _943363 |
|
| 245 | 0 | 0 | _aمرآة الزمن قراءات في الثقافة والأدب |
| 264 | 3 | 1 | _aعمان:دار مجدلاوي للنشر والتوزيع،2013 ؛ عمان:دار البركة للنشر والتوزيع،2013 |
| 300 | _a318ص | ||
| 336 |
_atext _btxt _2rdacontent |
||
| 337 |
_aunmediated _bn _2rdamedia |
||
| 338 |
_avolume _bnc _2rdacarrier |
||
| 650 | 4 |
_aالأدب العربي - تاريخ ونقد - الأدب _943364 |
|
| 999 |
_aA18637 _c22205 _d22205 |
||